Seguimi! : una storia d'amore che non ha niente di strano /
שמור ב:
| Main Authors: | , |
|---|---|
| פורמט: | ספר |
| שפה: | איטלקית |
| יצא לאור: |
Modena :
Logos,
2008
|
| סדרה: | OQO collana
|
| תגים: |
אין תגיות, היה/י הראשונ/ה לתייג את הרשומה!
|
MARC
| LEADER | 00000nam a22000007i 4500 | ||
|---|---|---|---|
| 001 | IT\ICCU\UBO\3393116 | ||
| 003 | ItRI | ||
| 005 | 20260115232145.0 | ||
| 008 | 080313s2008 it |||||| |||||1|||||c | ||
| 020 | |a 9788879406307 | ||
| 040 | |b ita |c importazione bologna sebina | ||
| 041 | 7 | |a ita |2 ISO-639-2 | |
| 100 | 1 | |a Campanari, Josè |0 IT\ICCU\PUVV\443652 |4 aut | |
| 240 | 1 | 0 | |a Sigueme |3 IT\ICCU\UBO\3393128 |9 Campanari, Josè |
| 245 | 1 | 0 | |a Seguimi! : |b una storia d'amore che non ha niente di strano / |c José Campanari ; illustrazioni di Roger Olmos ; [traduzione di Fabio Regattin]. |
| 260 | |a Modena : |b Logos, |c 2008 | ||
| 300 | |a 1 volume (senza paginazione) : |b ill. ; |c 25 x 26 cm | ||
| 700 | 1 | |a Olmos, Roger |0 IT\ICCU\PARV\323973 |4 aut | |
| 830 | 0 | |a OQO collana |0 IT\ICCU\MOD\1393895 | |
| 942 | |2 ddc |c BK |n 0 | ||
| 952 | |0 0 |1 0 |4 0 |6 R_863_700000000000000_CAM |7 0 |9 21075 |a BO |b BO |d 2026-01-15 |i 19345 |l 0 |o R 863.7 CAM |p BO19345 |r 2026-01-15 23:21:45 |w 2026-01-15 |x [Sebina 5] [1 v.] |y BK |z 1 v. | ||
| 999 | |c 18007 |d 18007 | ||